Caídos del mapa viii /

Guardado en:
Autor Principal: Falconi, María Inés
Formato: Libro
Publicado: Buenos Aires : Quipu, 2009
Series:Caídos del mapa
Materias:
Etiquetas: Agregar Etiqueta
Sin Etiquetas, Sea el primero en etiquetar este registro!
LEADER 00684nam a22002175a 4500
001 CEM.cems013672
008 130507s2009##################000#0#####d
005 20231020150554.0
245 1 0 |a Caídos del mapa viii /  |c María Inés Falconi 
260 |a Buenos Aires :  |b Quipu,  |c 2009 
300 |a 256 p. 
490 0 |a Caídos del mapa 
020 |a 9789875040250 
100 1 |a Falconi, María Inés 
082 0 4 |a A863.4 
653 |a Literatura 
653 |a Literatura juvenil 
653 |a Literatura argentina 
653 |a Novelas juveniles 
859 |a CEMS  |b BIB. CEMS - 11 de abril  |h A863.4  |i F181-1  |p 29781.23  |t Ej.2 
859 |a CEMS  |b BIB. CEMS - 11 de abril  |h A863.4  |i F181-1  |p 26354.12  |t Ej.1  |v 8  |3 8